000 00588nam a2200217Ia 4500
005 20250508162451.0
008 008 250505s9999 xx 000 0 hin d
037 _aTextBook
040 _aFEDL
_beng
_cFEDL
041 _ahin
_2eng
084 _a155.4, JAR
_qFEDL
100 _aJarshild A T
_9773218
245 0 _aKishor manovigyan
260 _aPatna, India
_bHindi Granth Akademi
_c1977
300 _aiv, 524p
365 _aINR
_b16
650 _aChild psychology
700 _a Singh Davnarayan Tr.
_9773219
942 _cTB
_h155.4, JAR
999 _c1376731
_d1376731